Súčasná logistika z pohľadu kvality

Charakteristika súčasnej logistiky. Logistika a kvalita. Logistická hodnota a jej vytváranie. Definovanie logistickej kvality.

Salvato in:
Dettagli Bibliografici
Autore principale: Král, Jaroslav
Natura: Capitolo di libro
Lingua:slovacco
Soggetti:
Tags: Aggiungi Tag
Nessun Tag, puoi essere il primo ad aggiungerne!!

MARC

LEADER 00000naa$a2200000$$$4500
001 0003803
005 20231002070508.2
041 0 |a slo 
044 |a SK 
245 1 0 |a Súčasná logistika z pohľadu kvality  |c aut. Jaroslav Král 
520 |a Charakteristika súčasnej logistiky. Logistika a kvalita. Logistická hodnota a jej vytváranie. Definovanie logistickej kvality. 
610 2 0 |a logistika 
610 2 0 |a reťazce dodávateľsko-odberateľské 
610 2 0 |a kvalita 
610 2 0 |a filozofia 
610 2 0 |a služby 
610 2 0 |a zákazníci 
610 2 0 |a hodnota 
100 1 |a Král, Jaroslav